Prime Ministers of India - Statistics

General Stats
  • This quiz has been taken 196 times
  • The average score is 10 of 15
Answer Stats
Year Answer % Correct
1947 Jawaharlal Nehru
98%
1980 Indira Gandhi
96%
2014 Narendra Modi
95%
2004 Manmohan Singh
94%
1984 Rajiv Gandhi
90%
1979 Charan Singh
80%
1989 Vishwanath Pratap Singh
77%
1998 Atal Bihari Vajpayee
70%
1964 Lal Bahadur Shastri
66%
1991 P.V. Narasimha Rao
57%
1977 Moraji Desai
50%
1996 H.D. Deve Gowda
41%
1997 Inder Kumar Gujral
38%
1966 Gulzari Lal Nanda
32%
1990 Chandra Shekhar
29%
No matching quizzes found
Score Distribution
Percent of People with Each Score
Percentile by Number Answered
Your Score History
You have not taken this quiz